Selected values of properties of hydrocarbons and related compounds /
Guardado en:
| Autor Corporativo: | |
|---|---|
| Formato: | Libro |
| Idioma: | English |
| Publicado: |
College Station, Texas :
Thermocynamics Research Center, Texas A & M University,
[c1945-
|
| Materias: | |
| Etiquetas: |
Agregar Etiqueta
Sin Etiquetas, Sea el primero en etiquetar este registro!
|
| LEADER | 01683nam a22003135a 4500 | ||
|---|---|---|---|
| 001 | EIQ.libpla001952 | ||
| 008 | 070313s1974####xx#a##########000#0#eng#d | ||
| 005 | 20070313184124.0 | ||
| 245 | 0 | 0 | |a Selected values of properties of hydrocarbons and related compounds / |c Thermodynamics Research Center Hydrocarbon project. |
| 260 | |a College Station, Texas : |b Thermocynamics Research Center, Texas A & M University, |c [c1945- | ||
| 300 | |a v. (hoja sustituible) : |b il., tablas ; |c 30 cm. | ||
| 500 | |a Anteriormente publicado por el instituto american Petroleum, proyecto de investigación 44. | ||
| 500 | |a Continuado por suplementos. | ||
| 710 | 2 | |a Texas Engineering Experiment Station. |b Thermodynamics Research Center. |b Hydrocarbon Project. | |
| 246 | 1 | |a TRC thermodynamic tables | |
| 650 | 4 | |a Hidrocarburos |x Tablas. | |
| 650 | 4 | |a Termodinámica |x Tablas. | |
| 650 | 4 | |a Thermodynamics |x Tables. | |
| 650 | 4 | |a Hydrocarbons |x Tables. | |
| 040 | |a AR-BbSID |b spa |c AR-BbSID | ||
| 859 | |a AR-BbSID |b BIB. PLAPIQUI |h 541.369 |i Se 48v |k R |p 4934 |v Vol. 1 |3 Vol. 1 | ||
| 859 | |a AR-BbSID |b BIB. PLAPIQUI |h 541.369 |i Se 48v |k R |p 4935 |v Vol. 2 |3 Vol. 2 | ||
| 859 | |a AR-BbSID |b BIB. PLAPIQUI |h 541.369 |i Se 48v |k R |p 4936 |v Vol. 3 |3 Vol. 3 | ||
| 859 | |a AR-BbSID |b BIB. PLAPIQUI |h 541.369 |i Se 48v |k R |p 4937 |v Vol. 4 |3 Vol. 4 | ||
| 859 | |a AR-BbSID |b BIB. PLAPIQUI |h 541.369 |i Se 48v |k R |p 4938 |v Vol. 5 |3 Vol. 5 | ||
| 859 | |a AR-BbSID |b BIB. PLAPIQUI |h 541.369 |i Se 48v |k R |p 4939 |v Vol. 6 |3 Vol. 6 | ||
| 859 | |a AR-BbSID |b BIB. PLAPIQUI |h 541.369 |i Se 48v |k R |p 4940 |v Vol. 7 |3 Vol. 7 | ||
| 859 | |a AR-BbSID |b BIB. PLAPIQUI |h 541.369 |i Se 48v |k R |p 4941 |v Vol. 8 |3 Vol. 8 | ||
| 859 | |a AR-BbSID |b BIB. PLAPIQUI |h 541.369 |i Se 48v |k R |p 4942 |v Vol. 9 |3 Vol. 9 | ||
